Un callejón sin salida para la educación ambiental : educación superior e investigación (Record no. 146202)
[ view plain ]
| 000 -CABECERA | |
|---|---|
| campo de control de longitud fija | 00631nab a2200205 a 4500 |
| 005 - FECHA Y HORA DE LA ÚLTIMA TRANSACCIÓN | |
| campo de control | 20210223131206.0 |
| 008 - ELEMENTOS DE LONGITUD FIJA--INFORMACIÓN GENERAL | |
| campo de control de longitud fija | 991125s1985 mx 000 0 spa u |
| 035 ## - NÚMERO DE CONTROL DEL SISTEMA | |
| Número de control de sistema | UPN01000174098 |
| 100 1# - ASIENTO PRINCIPAL--NOMBRE PERSONAL | |
| Nombre de persona | Benítez Esquivel, Nancy Virginia |
| 9 (RLIN) | 42403 |
| 222 ## - TÍTULO CLAVE | |
| Título clave | CAMINOS ABIERTOS : |
| 222 ## - TÍTULO CLAVE | |
| Información calificativa | REVISTA PEDAGOGICA |
| 245 ## - MENCIÓN DE TÍTULO | |
| Título | Un callejón sin salida para la educación ambiental : educación superior e investigación |
| 260 ## - PUBLICACIÓN, DISTRIBUCIÓN, ETC. | |
| Lugar de publicación, distribución, etc. | México |
| 300 ## - DESCRIPCIÓN FÍSICA | |
| Extensión | 16-20 |
| 362 0# - FECHAS DE PUBLICACIÓN Y/O DESIGNACIÓN SECUENCIAL | |
| Fecha de publicación y/o designación secuencial | 2009 Año 18, no. 177, jul.-sept. |
| 653 0# - TERMINO DE INDIZACION - NO CONTROLADO | |
| Término no controlado | EDUCADOR AMBIENTAL |
| 653 0# - TERMINO DE INDIZACION - NO CONTROLADO | |
| Término no controlado | FORMACION DOCENTE |
| 653 0# - TERMINO DE INDIZACION - NO CONTROLADO | |
| Término no controlado | EDUCACION AMBIENTAL |
| 905 ## - TIPO DE MATERIAL | |
| Tipo de material | Articulo |
No items available.
